| 000 | 00466nam a22001697a 4500 | ||
|---|---|---|---|
| 999 |
_c164737 _d164737 |
||
| 005 | 20190525144036.0 | ||
| 010 | _aB-129824 | ||
| 020 |
_a0195667085 _c595.00 |
||
| 035 | _aB-129824 | ||
| 037 | _bOxford University Press | ||
| 082 | _a954.07 | ||
| 100 | _aSingh, Pashaura | ||
| 245 |
_aSikhism and history _cPashaura Singh |
||
| 260 |
_aNew Delhi _bOxford University Press _c2004 |
||
| 300 |
_a280p _c22cm (hbk) |
||
| 942 |
_2ddc _cEN _h954.07 _mSIK |
||